| 000 | 00585nam a2200229Ia 4500 | ||
|---|---|---|---|
| 003 | OSt | ||
| 005 | 20220928135611.0 | ||
| 006 | a|||||r|||| 00| 0 | ||
| 007 | ta | ||
| 008 | 220927b |||||||| |||| 00| 0 eng d | ||
| 024 | _a3568 | ||
| 037 | _cTextual | ||
| 040 |
_aSDCL _cSDCL _beng |
||
| 041 |
_2eng _aeng |
||
| 082 | _aX:5381, P2 | ||
| 100 |
_aHeld David _9375264 |
||
| 245 | 0 | _aGlobalization/Anti-globalization | |
| 260 | _c2002 | ||
| 700 |
_a McGrew Anthony _9491870 |
||
| 942 |
_hX:5381, P2 _cTEXL _2CC |
||
| 999 |
_c807303 _d807303 |
||